Normal view
MARC view
Entry Personal Name
001 - CONTROL NUMBER
- control field: 10835
003 - CONTROL NUMBER IDENTIFIER
- control field: BD-RjUL
005 - DATE AND TIME OF LATEST TRANSACTION
- control field: 20240115125341.0
008 - FIXED-LENGTH DATA ELEMENTS
- fixed length control field: 240115|| aca||aabn | a|a d
040 ## - CATALOGING SOURCE
- Original cataloging agency: BD-RjUL
- Transcribing agency: BD-RjUL
100 ## - HEADING--PERSONAL NAME
- Personal name: Lindsay, Jack,
- Dates associated with a name: 1900-1990
670 ## - SOURCE DATA FOUND
- Source citation: Work cat.: (BD-RjUL)82614: Lindsay, Jack, 1900-1990, A local habitation :, 1957.